00391nam a2200121Ia 4500008004100000245004200041245002300083260000900106650001400115856004800129999001900177952007300196171211s9999 xx 000 0 und d aIn My Father's Study (Singular Lives) cBenjamin S. Orlove c1995 xBiography uhttp://down.ebook777.com/061/0877454906.pdf c349910d349910 001040aCLbCLd2017-12-11l0r2017-12-11 00:00:00w2017-12-11yCBE